00520nam a2200145Ia 450000500170000000800410001702000180005808200200007610000310009624500220012726000290014930000140017850001520019265000300034420250718142140.0250718s9999 xx 000 0 und d a9780230007659 a941.081092bWIN aWindscheffel, Ruth Clayton 0aReading Gladstone bPalgrave MacMillanc2008 a360 pages aThis volume explores how book culture functioned in the life and milieu of one of the nineteenth century's most complex figures, William Gladstone. aBiography & Autobiography